| 000 | 00674pam a2200193 4500 | ||
|---|---|---|---|
| 001 | 3248 | ||
| 005 | 20181127170846.0 | ||
| 008 | 970826s1998 nyu b 000 0 eng | ||
| 010 | _a 97039835 | ||
| 020 | _a0451526880 (alk. paper) | ||
| 041 | 1 |
_aeng _hita |
|
| 100 | 1 |
_aPirandello, Luigi, _d1867-1936. |
|
| 240 | 1 | 0 |
_aSei personaggi in cerca d'autore. _lEnglish |
| 245 | 1 | 0 |
_aSix characters in search of an author / _cby Luigi Pirandello ; English version and introduction by Eric Bentley. |
| 260 |
_aNew York : _bSignet Classic Book, _c1998. |
||
| 300 |
_axxx, 82 p. ; _c18 cm. |
||
| 504 | _aIncludes bibliographical references (p.[81]-82). | ||
| 700 | 1 |
_aBentley, Eric, _d1916- |
|
| 999 |
_c2625 _d2625 |
||